[Event "1/32 Finale"]
[Site "www.chess-mail.com"]
[Date "2017.08.22"]
[Round "1"]
[White "Chessington"]
[Black "Numanoid"]
[WhiteElo "2460"]
[BlackElo "2490"]
[Result "1-0"]
[Round "1"]
1.Ng1f3 d5
2.g3 c6
3.Bf1g2 Bc8g4
4.Nf3e5 Bg4f5
5.d3 Nb8d7
6.Ne5xd7 Qd8xd7
7.e4 dxe4
8.dxe4 Qd7xd1
9.Kxd1 Bf5e6
10.c3 Ng8f6
11.Bc1e3 Nf6g4
12.Be3d4 Be6c4
13.f3 e5
14.Bd4g1 Ng4f6
15.Nb1d2 Bc4e6
16.Bg2f1 Bf8e7
17.Kc2 O-O
18.a4 Rf8d8
19.Nd2c4 Nf6d7
20.Nc4a5 Rd8b8
21.Bf1c4 Be6xc4
22.Na5xc4 f6
23.Bg1e3 Rb8d8
24.Rh1d1 b6
25.a5 b5
26.Nc4d6 Nd7f8
27.Nd6f5 Kf7
28.Nf5xe7 Kxe7
29.Be3c5 Ke6
30.Rd1xd8 Ra8xd8
31.Bc5xa7 Nf8d7
32.b4 Rd8a8
33.Ba7e3 Kd6
34.c4 bxc4
35.g4 Ra8b8
36.Kc3 c5
37.a6 cxb4
38.Kxc4 Kc6
39.a7 Rb8a8
40.Ra1a6 { resign }
1-0

[Event "1/128 Finale"]
[Site "www.chess-mail.com"]
[Date "2017.08.22"]
[Round "1"]
[White "Bojan"]
[Black "Redabond"]
[WhiteElo "1940"]
[BlackElo "1670"]
[Result "1-0"]
[Round "1"]
1.e4 e5
2.Ng1f3 Nb8c6
3.a3 Bf8c5
4.h3 Ng8f6
5.d3 O-O
6.Nf3h2 d6
7.c3 Bc8e6
8.Qd1f3 d5
9.Bc1g5 h6
10.Bg5d2 dxe4
11.dxe4 Qd8d6
12.Bf1e2 h5
13.Bd2g5 Nf6h7
14.Qf3xh5 f6
15.Bg5d2 Be6f7
16.Qh5g4 Qd6e6
17.Qg4g3 Qe6b3
18.Bd2h6 Nh7g5
19.Bh6xg5  { time }
1-0

[Event "Eq:Good team-Tigers of Istanbul : "]
[Site "www.chess-mail.com"]
[Date "2017.08.22"]
[Round "1"]
[White "Castletyme"]
[Black "Jaroslavpech"]
[WhiteElo "1760"]
[BlackElo "2120"]
[Result "0-1"]
[Round "1"]
1.e4 c5
2.Ng1f3 Nb8c6
3.Bf1e2 d6
4.d3 e5
5.O-O Bf8e7
6.c3 Ng8f6
7.Nb1d2 O-O
8.Rf1e1 d5
9.exd5 Nf6xd5
10.Nd2f1 Qd8c7
11.Nf1g3 Rf8d8
12.Nf3g5 h6
13.Ng5f3 Bc8e6
14.Be2f1 b5
15.Ng3e4 Ra8b8
16.a3 a5
17.Qd1c2 a4
18.Ne4g3 Be7d6
19.Ng3e4 Bd6f8
20.Ne4g3 Nd5e7
21.Re1e4 f5
22.Re4e1 g6
23.Ng3e2 Bf8g7
24.g3 Be6b3
25.Qc2b1 Bb3d5
26.Bf1g2 g5
27.h3 Qc7b7
28.Nf3h2 Bd5xg2
29.Kxg2 Nc6b4
30.f3 Nb4xd3
31.Re1f1 c4
32.Bc1e3 f4
33.gxf4 gxf4
34.Be3f2 Ne7f5
35.Nh2g4 h5
36.Ng4h2 e4
37.fxe4 Qb7xe4
38.Kg1 Rd8d6
{ resign }
0-1

[Event "Eq:Super Chess Team-Tigers of Istanbul : "]
[Site "www.chess-mail.com"]
[Date "2017.08.22"]
[Round "1"]
[White "Redabond"]
[Black "Mihaiiorga"]
[WhiteElo "1630"]
[BlackElo "2210"]
[Result "0-1"]
[Round "1"]
1.d4 g6
2.Bc1f4 d6
3.Nb1c3 Bf8g7
4.e3 Nb8c6
5.Bf1c4 Ng8f6
6.Ng1f3 O-O
7.O-O Bc8g4
8.h3 Bg4xf3
9.Qd1xf3 Qd8d7
10.d5 Nc6a5
11.Bc4b5 c6
12.dxc6 bxc6
13.Bb5d3 Ra8b8
14.Qf3g3 Nf6h5
15.Qg3f3 Rb8xb2
16.Ra1b1 Rb2xb1
17.Rf1xb1 Bg7xc3
18.Bf4h6 Bc3g7
19.Bh6g5 Na5b7
20.Qf3e4 Bg7f6
 { time }
0-1

[Event "Tourn. n9405"]
[Site "www.chess-mail.com"]
[Date "2017.08.23"]
[Round "1"]
[White "Falcoale"]
[Black "Roque1"]
[WhiteElo "2020"]
[BlackElo "2020"]
[Result "1-0"]
[Round "1"]
1.e4 c5
2.Ng1f3 e6
3.b3 Nb8c6
4.Bc1b2 Ng8f6
5.d3 Bf8e7
6.Bf1e2 O-O
7.O-O d5
8.exd5 exd5
9.Nb1d2 Bc8g4
10.h3 Bg4h5
11.Nf3h2 Bh5g6
12.Nh2g4 Qd8d6
13.f4 d4
14.Ng4xf6 Qd6xf6
15.Nd2e4 Qf6h4
16.f5 Nc6e5
17.fxg6 Ne5xg6
18.Qd1d2 f5
19.Ne4f2 Qh4g3
20.Nf2h1 Qg3e3
21.Qd2xe3 dxe3
22.d4 Ra8d8
23.dxc5 Rd8d2
24.Be2c4 Kh8
25.Bc4d3 Be7xc5
26.Kh2 Ng6h4
27.Kg3 Nh4xg2
28.Rf1d1 Bc5d6
29.Kf3 Rd2xd1
30.Ra1xd1 Ng2h4
31.Kxe3 f4
32.Kd2 f3
33.Nh1f2 Nh4g2
34.Nf2e4 Bd6f4
35.Kc3  { time }
1-0

[Event "Tourn. n9335"]
[Site "www.chess-mail.com"]
[Date "2017.08.23"]
[Round "1"]
[White "Paulsyd"]
[Black "Bronstein70"]
[WhiteElo "2310"]
[BlackElo "2440"]
[Result "1-0"]
[Round "1"]
1.e4 e5
2.Ng1f3 Ng8f6
3.d4 exd4
4.e5 Qd8e7
5.Bf1e2 Nf6g4
6.Qd1xd4 d6
7.exd6 Qe7xd6
8.Nb1c3 Nb8c6
9.Qd4f4 Qd6g6
10.Nc3b5 Bf8d6
11.Nb5xd6 cxd6
12.O-O Ng4e5
13.c4 O-O
14.b3 Rf8e8
15.Bc1a3 Bc8g4
16.Nf3xe5 Nc6xe5
17.Be2xg4 Ne5xg4
18.Qf4xd6 Qg6xd6
19.Ba3xd6 Re8e6
20.Bd6g3 Ra8e8
21.Ra1d1 Re6e7
22.h3 Ng4e5
23.f4 Ne5c6
24.Rf1e1 f5
25.Re1xe7 Re8xe7
26.Kf2 Kf7
27.Bg3h4 Re7c7
28.Rd1d6 Nc6b4
29.Bh4d8 Rc7c8
30.Bd8g5 Rc8c7
31.Rd6d2 Ke6
32.g4 g6
33.a3 Nb4c6
34.b4 b6
35.Kf3 Kf7
36.Rd2d6 Nc6b8
37.Rd6f6 { resign }
1-0

[Event "Tourn. n9422"]
[Site "www.chess-mail.com"]
[Date "2017.08.23"]
[Round "1"]
[White "Passaroa25"]
[Black "Redabond"]
[WhiteElo "1680"]
[BlackElo "1640"]
[Result "1-0"]
[Round "1"]
1.e4 e5
2.c3 Bf8c5
3.Ng1e2 Ng8f6
4.Ne2g3 Nf6g4
5.Qd1xg4 O-O
6.Ng3f5 Qd8f6
7.Qg4xg7 Qf6xg7
8.Nf5xg7 Kxg7
9.d3 Nb8c6
10.Bc1e3 Bc5xe3
11.fxe3 d6
12.Nb1d2 Bc8e6
13.Bf1e2 Rf8g8
14.b3 Kf8
15.O-O-O Rg8xg2
16.Be2f3 Rg2g8
17.Kb2 Ra8d8
18.Nd2b1 d5
19.h4 Rg8g3
20.Rd1f1 dxe4
21.dxe4 Rd8d3
22.Nb1a3 Rd3xe3
23.Na3b5 Re3xf3
24.Rf1xf3 Rg3xf3
25.Nb5xc7 Rf3e3
26.Nc7xe6 fxe6
27.b4 Re3xe4
28.a4 Re4e2
29.Kb3 e4
30.a5 e3
31.Rh1f1 Kg7
32.Kc4 Re2f2
33.Kd3 e2
34.Rf1e1 Nc6e5
35.Ke3 Rf2h2
36.Re1xe2 Rh2xh4
37.Kd2 Kf6
38.Kc2 Ne5c4
39.Re2f2 Ke7
40.Kb3  { time }
1-0

[Event "Tourn. n9412"]
[Site "www.chess-mail.com"]
[Date "2017.08.23"]
[Round "1"]
[White "Szustan"]
[Black "Krystek23"]
[WhiteElo "2550"]
[BlackElo "2380"]
[Result "1-0"]
[Round "1"]
1.e4 c5
2.c3 e6
3.d4 cxd4
4.cxd4 Nb8c6
5.Ng1f3 d5
6.e5 Ng8e7
7.Bf1d3 Ne7f5
8.Bd3xf5 exf5
9.O-O Bf8e7
10.Nb1c3 Bc8e6
11.Nf3e1 Qd8b6
12.Ne1f3 O-O
13.Ra1b1 Rf8c8
14.Bc1e3 h6
15.h3 Rc8d8
16.Nc3a4 Qb6a6
17.a3 Nc6a5
18.b4 Na5c4
19.Na4c5 Qa6c6
20.a4 b6
21.b5 Qc6e8
22.Nc5a6 Ra8c8
23.Be3c1 Kh8
24.Na6b4 g5
25.Nb4c6 Rc8xc6
26.bxc6 f4
27.Bc1d2 Be6f5
28.c7 Rd8c8
29.Rb1a1 Rc8xc7
30.Qd1b3 h5
31.Bd2b4 g4
32.hxg4 hxg4
33.Nf3d2 Nc4xd2
34.Bb4xd2 f3
35.Rf1c1 fxg2
36.Rc1xc7 { resign }
1-0

[Event "Tourn. n9453"]
[Site "www.chess-mail.com"]
[Date "2017.08.23"]
[Round "1"]
[White "Vios"]
[Black "Cal"]
[WhiteElo "1559"]
[BlackElo "1640"]
[Result "1-0"]
[Round "1"]
1.e4 e5
2.Ng1f3 d6
3.Bf1c4 h6
4.d4 exd4
5.Nf3xd4 c5
6.Nd4f3 Bc8d7
7.Nb1c3 Ng8f6
8.h3 a6
9.a4 Bf8e7
10.Bc1f4 O-O
11.Bf4xd6 Bd7c6
12.e5 Nf6h5
13.O-O Nh5f4
14.Nc3d5 Be7xd6
15.exd6 Bc6xd5
16.Bc4xd5 Ra8a7
17.Bd5c4 Qd8d7
18.Nf3e5 Qd7f5
19.Rf1e1 Kh7
20.Qd1f3 Qf5g5
21.d7 b6
22.Ra1d1 Ra7c7
23.Ne5xf7 Qg5f5
24.d8Q Rc7xf7
25.Bc4xf7 Rf8xd8
26.Rd1xd8 Nb8d7
27.Rd8h8 Kxh8
28.Qf3a8 Kh7
29.Qa8g8 { resign }
1-0

[Event "Tourn. n9461"]
[Site "www.chess-mail.com"]
[Date "2017.08.23"]
[Round "1"]
[White "Fantomas"]
[Black "Picifarkinca"]
[WhiteElo "1850"]
[BlackElo "1940"]
[Result "1-0"]
[Round "1"]
1.d4 e6
2.Ng1f3 b6
3.e4 Bc8b7
4.Bf1d3 c5
5.c3 Nb8c6
6.a3 cxd4
7.cxd4 d5
8.exd5 Qd8xd5
9.Nb1c3 Qd5h5
10.Bd3e2 O-O-O
11.Nf3e5 Qh5f5
12.Ne5f3 Ng8f6
13.Bc1e3 Kb8
14.Nf3h4 Qf5a5
15.Nh4f3 Qa5f5
16.Nf3h4 Qf5a5
17.b4 Nc6xb4
18.axb4 Qa5xb4
19.Qd1d2 e5
20.Ra1a4 Qb4e7
21.O-O Nf6e4
22.Nc3xe4 Qe7xh4
23.Ne4g3 h6
24.Qd2c3 { resign }
1-0

[Event "Tourn. n9470"]
[Site "www.chess-mail.com"]
[Date "2017.08.23"]
[Round "1"]
[White "Cirovicz"]
[Black "Estonia"]
[WhiteElo "2130"]
[BlackElo "2060"]
[Result "1/2-1/2"]
[Round "1"]
1.e4 c5
2.f4 g6
3.Nb1c3 Bf8g7
4.d3 Nb8c6
5.Ng1f3 e6
6.e5 d5
7.d4 cxd4
8.Nf3xd4 a6
9.Bc1e3 Ng8e7
10.Nd4xc6 Ne7xc6
11.Be3c5 b6
12.Bc5d6 Bg7f8
13.Bd6xf8 Rh8xf8
14.h4 h5
15.g4 Rf8h8
16.f5 gxf5
17.gxf5 Nc6xe5
18.Qd1e2 Ne5g4
19.fxe6 Bc8xe6
20.O-O-O Kf8
21.Bf1h3 Qd8c7
22.Nc3xd5 Be6xd5
23.Rd1xd5 Qc7f4
24.Kb1 Rh8h6
25.Rh1f1 Rh6e6
26.Qe2xe6 Qf4xf1
27.Bh3xf1 fxe6
28.Rd5xh5 Ke7
29.Rh5h7 Kf6
30.b4 Ng4e3
31.Bf1e2 { draw }
1/2-1/2

[Event "Tourn. n9494"]
[Site "www.chess-mail.com"]
[Date "2017.08.23"]
[Round "1"]
[White "Bigrezi"]
[Black "Cjood"]
[WhiteElo "2070"]
[BlackElo "1900"]
[Result "1-0"]
[Round "1"]
1.e4 c6
2.d4 e5
3.dxe5 Qd8a5
4.Bc1d2 Qa5xe5
5.Nb1c3 Bf8b4
6.Ng1f3 Qe5c7
7.Bf1d3 Qc7b6
8.O-O d6
9.Nc3a4 Qb6a5
10.c3 Bb4c5
11.b4 Bc5xf2
12.Rf1xf2 Qa5c7
13.Bd2f4 Bc8g4
14.Bd3c4 b5
15.Bf4xd6 Qc7d7
16.Na4c5 Qd7c8
17.Bc4xf7 Kxf7
18.Nf3e5 { resign }
1-0

[Event "Tourn. n9446"]
[Site "www.chess-mail.com"]
[Date "2017.08.23"]
[Round "1"]
[White "Greghghs"]
[Black "Panamski"]
[WhiteElo "2540"]
[BlackElo "2220"]
[Result "1-0"]
[Round "1"]
1.d4 d5
2.c4 e6
3.Nb1c3 Ng8f6
4.Ng1f3 h6
5.Bc1f4 Bf8d6
6.Bf4xd6 Qd8xd6
7.e3 O-O
8.cxd5 exd5
9.Ra1c1 c6
10.Bf1d3  { time }
1-0

[Event "Match"]
[Site "www.echecsemail.com"]
[Date "2017.08.23"]
[Round "1"]
[White "Pwain"]
[Black "Gimmyg"]
[WhiteElo "2420"]
[BlackElo "2430"]
[Result "0-1"]
[Round "1"]
1.e4 c5
2.Ng1f3 d6
3.Bf1b5 Nb8d7
4.c4 Ng8f6
5.Nb1c3 e6
6.O-O Bf8e7
7.d4 cxd4
8.Qd1xd4 O-O
9.Rf1d1 e5
10.Qd4e3 Qd8c7
11.Bb5xd7 Bc8xd7
12.b3 Rf8d8
13.Bc1a3 Bd7c6
14.Ra1c1 Qc7a5
15.Ba3b2 Qa5b6
16.Qe3e2 Ra8c8
17.Rd1d2 a6
18.Rd2c2 Qb6a5
19.Nc3d5 Nf6xd5
20.cxd5 Bc6d7
21.Bb2c3 Qa5b6
22.Qe2d2 Rd8e8
23.Bc3a5 Qb6b5
24.Rc2xc8 Re8xc8
25.Rc1xc8 Bd7xc8
26.Ba5b4 f6
27.h3 Qb5d7
28.Qd2c3 b5
29.Nf3e1 f5
30.f3 Qd7a7
31.Kf1 Bc8d7
32.Ke2 h6
33.Qc3e3 Qa7c7
34.Ne1d3 fxe4
35.fxe4 Be7g5
36.Qe3f3 a5
37.Bb4e1 Qc7c2
38.Kf1 Qc2xa2
{ resign }
0-1

[Event "Match"]
[Site "www.echecsemail.com"]
[Date "2017.08.23"]
[Round "1"]
[White "Cjood"]
[Black "Thrillerfan"]
[WhiteElo "2170"]
[BlackElo "2360"]
[Result "0-1"]
[Round "1"]
1.e4 e6
2.g3 d5
3.exd5 exd5
4.Bf1g2 c6
5.b3 Ng8f6
6.Bc1b2 Bf8c5
7.Nb1c3 O-O
8.Ng1f3 Rf8e8
9.Nc3e2 Qd8e7
10.Nf3d4 Bc8g4
11.f3 Bg4d7
12.d3 Qe7e3
13.Kf1 Nb8a6
14.Bb2c1 Qe3e7
15.Bc1g5 Na6c7
16.h4 h6
17.Bg5xf6 Qe7xf6
18.c3 Re8e3
19.b4 Bc5b6
20.Qd1d2 Ra8e8
21.Ra1e1 Nc7b5
22.Kf2 Nb5xc3
23.Qd2xc3 Re3xe2
{ resign }
0-1

[Event "Match"]
[Site "www.echecsemail.com"]
[Date "2017.08.23"]
[Round "1"]
[White "Billyg"]
[Black "Cjood"]
[WhiteElo "1720"]
[BlackElo "1980"]
[Result "0-1"]
[Round "1"]
1.e4 e5
2.Ng1f3 Nb8c6
3.Bf1b5 Ng8e7
4.O-O Nc6a5
5.Nf3xe5 c6
6.Bb5a4 b5
7.Ba4b3 Na5xb3
8.axb3 f6
9.Qd1h5 g6
10.Qh5f3 fxe5
11.Rf1d1 d5
12.Rd1e1 d4
13.c3 dxc3
14.dxc3 Bf8g7
15.Bc1g5 Rh8f8
16.Qf3e3 Bc8e6
17.Nb1d2 a5
18.Ra1d1 a4
19.Nd2f3 Qd8c7
20.Bg5xe7 Qc7xe7
21.Qe3b6 Be6xb3
22.Qb6xc6 Kf7
23.Rd1d7 Rf8b8
24.Nf3g5 Ke8
25.Rd7xe7 Kxe7
26.Re1e3 Rb8d8
27.Qc6c5 Ke8
28.h3 Bb3c4
29.Ng5e6 Rd8d1
30.Kh2 Bc4xe6
31.Qc5xb5 Be6d7
32.Qb5b7 Ra8d8
33.b3 a3
34.Qb7a6 Bg7f8
35.b4 Rd1a1
36.Qa6a5 a2
37.Qa5xe5 Kf7
38.Re3f3 Kg8
39.c4 Bf8g7
40.Qe5d5 Kh8
41.Rf3a3 Bg7c3
42.c5 Bc3xb4
43.Qd5d4 Kg8
44.Qd4xb4 Bd7e6
45.Qb4b2 Ra1b1
46.Qb2c3 Rd8d1
47.Ra3xa2 Be6xa2
48.Qc3c2 Ba2e6
49.c6 h5
50.c7 Rb1c1
51.Qc2e2 h4
52.g3 hxg3
53.Kxg3 Rd1g1
54.Kh4 g5
55.Kh5 Be6xh3
56.Qe2a2 Kf8
57.Qa2a3 Ke8
58.Qa3a8 Kf7
59.Qa8d5 Bh3e6
60.Qd5b7 Kf6
61.Qb7b2 Kf7
62.Qb2b7 Be6g4
63.Kh6 Kf6
64.Kh7 Rg1h1
65.Kg8 Bg4e6
66.Kf8 Rh1h8

0-1

[Event "Match"]
[Site "www.echecsemail.com"]
[Date "2017.08.23"]
[Round "1"]
[White "Bjonil60"]
[Black "Azorau"]
[WhiteElo "1520"]
[BlackElo "1860"]
[Result "0-1"]
[Round "1"]
1.d4 e6
2.e3 Ng8f6
3.h3 Nf6e4
4.Bf1d3 Ne4xf2
5.Qd1e2 Nf2xh1
6.g4 Qd8h4
7.Kd2 Nh1g3
8.Qe2f3 Bf8b4
9.c3 Bb4d6
10.b3 e5
11.Ng1e2 Ng3xe2
12.Bd3xe2 O-O
13.Qf3e4 Qh4f2
14.Kd3 Qf2e1
15.Bc1b2 Qe1g3
16.Qe4h1 Rf8e8
17.Qh1e4 g6
18.c4 Kf8
19.dxe5 Bd6xe5
20.Bb2xe5 Re8xe5
21.Qe4d4 Nb8c6
22.Qd4c3 Re5xe3
23.Kd2 Re3xc3
24.Nb1xc3 Nc6d4
25.Be2d1 Qg3xh3
26.Kc1 Qh3xc3
27.Kb1 Qc3d3
28.Kb2 a5
29.a3 a4
30.b4 Qd3d2
31.Bd1c2 Qd2xc2

0-1

[Event "Match"]
[Site "www.echecsemail.com"]
[Date "2017.08.23"]
[Round "1"]
[White "Gambitmiau"]
[Black "Darknight"]
[WhiteElo "2030"]
[BlackElo "1850"]
[Result "1-0"]
[Round "1"]
1.e4 e5
2.d4 exd4
3.c3 dxc3
4.Bf1c4 Qd8e7
5.Qd1f3 c2
6.Nb1c3 c6
7.Bc1g5 Ng8f6
8.Ng1e2 d6
9.O-O Bc8g4
10.Qf3d3 Nb8d7
11.f3 Bg4e6
12.Bc4xe6 fxe6
13.Ne2d4 h6
14.Bg5xf6 Qe7xf6
15.f4 e5
16.fxe5 Qf6xe5
17.Rf1f5 Qe5e7
18.Ra1e1 Nd7e5
19.Qd3xc2 O-O-O
20.Qc2e2 g6
21.Rf5f4 Bf8g7
22.Re1f1 g5
23.Rf4f2 a6
24.Nd4f5 Qe7d7
25.Nc3a4 Qd7c7
26.Nf5xg7 Qc7xg7
27.Na4b6 Kc7
28.Qe2e3 Kb8
29.Qe3c3 Qg7g6
30.Rf2f5 Rd8e8
31.Rf5f6 Qg6h5
32.Rf6xd6 Rh8g8
33.h3 g4
34.Rf1f5 Kc7
35.Rf5xh5 Kxd6
36.Rh5xh6 Kc7
37.Rh6h7 Kb8
38.Nb6d7 Ne5xd7
39.Rh7xd7 Ka8
40.Qc3b4 Re8b8
41.Kh2 g3
42.Kg1 Rg8f8
43.Rd7xb7 Rb8xb7
44.Qb4xf8 Rb7b8
45.Qf8a3 Ka7
46.Kf1 Rb8g8
47.Qa3c5 Kb7
48.Qc5e7 Ka8
49.Qe7e6 Rg8f8
50.Ke2 Rf8f2
51.Ke3 Kb7
52.Qe6f5 Rf2xf5
53.exf5 Kc7
54.f6 Kd7
55.Kf4 Ke6
56.Kg5 Kf7
57.h4 c5
58.h5 c4
59.h6 Kg8
60.Kg6 Kf8
61.h7 Ke8
62.f7 Kf8
63.Kf6 { resign }
1-0

[Event "1/64 Finale"]
[Site "www.chess-mail.com"]
[Date "2017.08.23"]
[Round "1"]
[White "Cjood"]
[Black "Bronstein70"]
[WhiteElo "2110"]
[BlackElo "2440"]
[Result "1/2-1/2"]
[Round "1"]
1.Ng1f3 Ng8f6
2.b3 g6
3.Bc1b2 Bf8g7
4.Qd1c1 d5
5.d4 Nb8c6
6.e3 O-O
7.Nb1d2 Bc8f5
8.Bf1e2 Nc6b4
9.Be2d1 Qd8d6
10.a4 c5
11.dxc5 Qd6xc5
12.Nf3d4 Rf8c8
13.Bb2a3 a5
14.Ba3xb4 Qc5xb4
15.Nd4xf5 gxf5
16.Qc1a3 { draw }
1/2-1/2

[Event "1/16 Finale"]
[Site "www.chess-mail.com"]
[Date "2017.08.23"]
[Round "1"]
[White "Guidom"]
[Black "George1955"]
[WhiteElo "2090"]
[BlackElo "2700"]
[Result "0-1"]
[Round "1"]
1.e4 e5
2.Ng1f3 Nb8c6
3.Bf1b5 a6
4.Bb5a4 Ng8f6
5.d3 d6
6.O-O Bf8e7
7.c3 O-O
8.h3 b5
9.Ba4c2 d5
10.exd5 Nf6xd5
11.d4 exd4
12.Nf3xd4 Nc6xd4
13.Qd1xd4 Rf8e8
14.Rf1d1 Bc8b7
15.Bc2b3 c5
16.Qd4g4 c4
17.Bb3c2 Be7c5
18.Bc1g5 Qd8b6
19.Bg5h4 Nd5f6
20.Qg4f5 Re8e2
21.Nb1d2 Ra8e8
22.Bh4xf6 Bc5xf2
23.Kh1 Bb7xg2
24.Kxg2 Bf2g1
25.Kg3 Qb6e3
26.Qf5f3 Bg1h2
27.Kg4 Re2g2
28.Qf3xg2 Qe3f4
29.Kh5 g6
{ resign }
0-1

[Event "1/128 Finale"]
[Site "www.chess-mail.com"]
[Date "2017.08.23"]
[Round "1"]
[White "Fantomas"]
[Black "Guidom"]
[WhiteElo "2050"]
[BlackElo "2130"]
[Result "1/2-1/2"]
[Round "1"]
1.e4 e5
2.Ng1f3 Nb8c6
3.Bf1b5 a6
4.Bb5a4 Ng8f6
5.d3 d6
6.h3 Bc8d7
7.c3 Bf8e7
8.O-O O-O
9.Ba4c2 h6
10.Bc1e3 b6
11.Nb1d2 Qd8c8
12.Nf3h2 d5
13.Nd2b3 Rf8d8
14.Qd1e2 a5
15.a4 Bd7e6
16.Be3d2 d4
17.Ra1c1 dxc3
18.bxc3 Qc8d7
19.Bd2e3 Be7a3
20.Rc1b1 Ba3e7
21.Rf1d1 Qd7e8
22.d4 Be6xb3
23.Rb1xb3 exd4
24.Be3xd4 Nc6xd4
25.cxd4 Be7b4
26.Rb3b1 Nf6d5
27.Qe2d3 Nd5c3
28.e5 Nc3xb1
29.Rd1xb1 Qe8e6
30.Qd3h7 Kf8
31.Bc2f5 Qe6d5
32.Qh7h8 Ke7
33.Qh8xg7 Rd8g8
34.Qg7f6 Ke8
35.Nh2g4 h5
36.Ng4e3 Qd5xd4
37.Qf6c6 Ke7
38.Qc6xc7 Kf8
39.Rb1d1 Qd4c5
40.Qc7b7 Ra8e8
41.Rd1d5 Qc5c1
42.Rd5d1 Qc1c5
43.Rd1d5 Qc5c1
44.Rd5d1 Qc1c5
{ draw }
1/2-1/2

[Event "Tourn. n9503"]
[Site "www.chess-mail.com"]
[Date "2017.08.24"]
[Round "1"]
[White "Bojan"]
[Black "Cjood"]
[WhiteElo "2020"]
[BlackElo "1910"]
[Result "1-0"]
[Round "1"]
1.e4 d6
2.d4 e5
3.dxe5 Qd8h4
4.exd6 Qh4xe4
5.Qd1e2 Qe4xe2
6.Bf1xe2 Bf8xd6
7.Nb1c3 Ng8f6
8.Nc3b5 O-O
9.Nb5xd6 cxd6
10.Bc1e3 Nb8c6
11.c3 Bc8f5
12.Ng1f3 b6
13.Nf3h4 Bf5c2
14.Be2f3 Bc2e4
15.Ra1d1 Be4xf3
16.Nh4xf3 Ra8d8
17.O-O Nc6a5
18.b3 Nf6e4
19.Rd1d3 Rd8d7
20.Nf3d4 Rf8c8
21.c4 g6
22.f3 Ne4c5
23.Rd3d2 Na5b7
24.Nd4b5 a6
25.Nb5c3 Rc8e8
26.Be3f4 h5
27.Nc3d5 b5
28.Nd5f6 Kf8
29.Nf6xd7 Nc5xd7
30.cxb5 axb5
31.Kf2 Re8e6
32.Rd2d5 Re6f6
33.Bf4h6 Kg8
34.Rd5xb5 Nb7c5
35.Rf1d1 Rf6f5
36.Rb5b4 Nd7e5
37.Kf1 Nc5d3
38.Rb4d4 Rf5f6
39.Rd4xd3 Ne5xd3
40.Rd1xd3 Kh7
41.Bh6e3 Rf6e6
42.Kf2 f5
43.Be3f4 Re6e7
44.Rd3xd6 Re7c7
45.Rd6d2 Rc7a7
46.b4 Ra7a4
47.Rd2b2 Kg8
48.g3 Kf7
49.b5 Kf6
50.b6 g5
51.Bf4c7 { resign }
1-0

[Event "Tourn. n9442"]
[Site "www.chess-mail.com"]
[Date "2017.08.24"]
[Round "1"]
[White "Cristiano"]
[Black "Azulmarino"]
[WhiteElo "1550"]
[BlackElo "1600"]
[Result "1-0"]
[Round "1"]
1.e4 e5
2.f4 Qd8h4
3.g3 Qh4e7
4.d3 d6
5.Ng1f3 Bc8g4
6.Bf1g2 Nb8c6
7.O-O Nc6d4
8.Bc1e3 Nd4xf3
9.Bg2xf3 Bg4h3
10.Bf3g2 Bh3d7
11.Nb1c3 Ng8f6
12.f5 h5
13.Be3g5 a6
14.Nc3d5 Bd7c6
15.Nd5xe7 Bf8xe7
16.Qd1d2 Ra8d8
17.a4 Nf6g4
18.Bg5xe7 Kxe7
19.Qd2g5 f6
20.Qg5xg7 Ke8
21.Qg7xh8 Kd7
22.Qh8xh5 Ng4e3
23.Qh5f7 Kc8
24.Rf1f2 Rd8d7
25.Qf7h5 b6
26.b4 a5
27.b5 Bc6b7
28.Bg2f3 d5
29.Qh5e8 Rd7d8
30.Qe8e6 Kb8
31.Qe6xf6 dxe4
32.Qf6xd8 Bb7c8
33.Bf3xe4 Ne3g4
34.Qd8d5 Bc8b7
35.Qd5xb7 
1-0

[Event "Tourn. n9468"]
[Site "www.chess-mail.com"]
[Date "2017.08.24"]
[Round "1"]
[White "Gilliere"]
[Black "Cjood"]
[WhiteElo "2080"]
[BlackElo "2000"]
[Result "1/2-1/2"]
[Round "1"]
1.e4 e5
2.Ng1f3 Nb8c6
3.Bf1b5 Ng8e7
4.d3 a6
5.Bb5xc6 Ne7xc6
6.a3 d6
7.h3 h6
8.Nb1c3 Bc8e6
9.O-O Bf8e7
10.b4 b5
11.Bc1b2 Qd8d7
12.Nc3d5 O-O-O
13.Nd5xe7 Nc6xe7
14.Nf3h2 f6
15.f4 exf4
16.Rf1xf4 Ne7g6
17.Rf4f1 Be6xh3
18.gxh3 Qd7xh3
19.Qd1f3 Qh3e6
20.Qf3f5 Qe6xf5
21.exf5 Ng6h4
22.Rf1f4 g5
23.fxg6 Nh4xg6
24.Rf4xf6 Rh8g8
25.Kh1 Kb7
26.Ra1g1 Ng6e7
27.Rf6xh6 Rg8xg1
28.Kxg1 Ne7f5
29.Rh6f6 Nf5e3
30.Rf6f2 Rd8g8
31.Kh1 Ne3d1
32.Rf2g2 Rg8xg2
33.Kxg2 Nd1xb2
34.Nh2f3 Nb2a4
35.Kf2 Na4b2
36.Ke2 Nb2a4
{ draw }
1/2-1/2

[Event "Tourn. n9459"]
[Site "www.chess-mail.com"]
[Date "2017.08.24"]
[Round "1"]
[White "Picifarkinca"]
[Black "Cjood"]
[WhiteElo "1940"]
[BlackElo "1940"]
[Result "1-0"]
[Round "1"]
1.e4 c5
2.Ng1f3 g6
3.d4 Bf8g7
4.Nb1c3 cxd4
5.Nf3xd4 Qd8b6
6.Nd4e2 d6
7.g3 Bc8g4
8.Bf1g2 Bg7xc3
9.bxc3 Qb6c6
10.Qd1d3 Bg4xe2
11.Kxe2 Nb8d7
12.Rh1e1 Nd7e5
13.Qd3d4 Ng8f6
14.h3 O-O
15.f4 Ne5c4
16.Kf2 e5
17.Qd4d3 exf4
18.Bc1xf4 Nc4e5
19.Qd3d4 Rf8e8
20.Ra1d1 Re8d8
21.Bf4h6 Ne5g4
22.Kg1 Ng4xh6
23.Qd4xf6 Qc6c5
24.Kh2 Ra8c8
25.Rd1d3 b5
26.Re1e2 Qc5a3
27.e5 Qa3xa2
28.Bg2d5 Qa2a6
29.e6 Rd8f8
30.e7 Rf8e8
31.Rd3f3 Qa6b6
32.Re2f2 Qb6c7
33.Bd5xf7 Nh6xf7
34.Qf6xf7 Kh8
35.Qf7f6 Kg8
36.Qf6e6 Kg7
37.Rf3f7 Kh6
38.Qe6e3 g5
39.Rf2f6 { resign }
1-0

[Event "Tourn. n9483"]
[Site "www.chess-mail.com"]
[Date "2017.08.24"]
[Round "1"]
[White "Jazzy"]
[Black "Fantomas"]
[WhiteElo "2220"]
[BlackElo "2000"]
[Result "1-0"]
[Round "1"]
1.c4 c5
2.Ng1f3 Nb8c6
3.d4 cxd4
4.Nf3xd4 g6
5.Nd4xc6 bxc6
6.e4 Bf8g7
7.Bf1e2 d6
8.Qd1c2 c5
9.O-O Ng8f6
10.Nb1c3 O-O
11.Rf1d1 Bc8b7
12.Ra1b1 a5
13.e5 Nf6e8
14.exd6 exd6
15.Bc1e3 Qd8e7
16.Nc3d5 Qe7d8
17.Qc2d2 f5
18.Be2f3 Rf8f7
19.Be3g5 Qd8b8
20.b3 Ra8a6
21.Rd1e1 Bg7e5
22.Bg5f4 Bb7a8
23.Qd2e2 Ne8g7
24.Bf4xe5 dxe5
25.Qe2xe5 Qb8xe5
26.Re1xe5 Kf8
27.Rb1e1 Ba8c6
28.Bf3d1 Bc6d7
29.Nd5f4 Ra6c6
30.Bd1f3 Rc6d6
31.Re5xc5 { resign }
1-0

[Event "Tourn. n9486"]
[Site "www.chess-mail.com"]
[Date "2017.08.24"]
[Round "1"]
[White "Griffo30"]
[Black "Bojan"]
[WhiteElo "2110"]
[BlackElo "2060"]
[Result "1-0"]
[Round "1"]
1.e4 e5
2.Ng1f3 Nb8c6
3.Bf1c4 Qd8f6
4.d3 h6
5.Nb1c3 Nc6a5
6.Nc3d5 Qf6d6
7.Nd5e3 Bf8e7
8.O-O c6
9.Rf1e1 g6
10.d4 exd4
11.e5 Qd6c5
12.b4 Qc5b6
13.bxa5 Qb6c5
14.Qd1xd4 Qc5xa5
15.e6 Be7f6
16.exf7 Kf8
17.fxg8Q { resign }
1-0

[Event "Tourn. n9475"]
[Site "www.chess-mail.com"]
[Date "2017.08.24"]
[Round "1"]
[White "Jjmcbride"]
[Black "Julian"]
[WhiteElo "1680"]
[BlackElo "1590"]
[Result "1-0"]
[Round "1"]
1.e4 d6
2.d4 Ng8f6
3.Nb1c3 Nb8d7
4.d5 c6
5.dxc6 bxc6
6.f4 e5
7.f5 Bf8e7
8.Ng1h3  { time }
1-0

[Event "Tourn. n9475"]
[Site "www.chess-mail.com"]
[Date "2017.08.24"]
[Round "1"]
[White "Pachi"]
[Black "Jjmcbride"]
[WhiteElo "1530"]
[BlackElo "1680"]
[Result "0-1"]
[Round "1"]
1.e4 e5
2.Ng1f3 d5
3.Bf1d3 Bc8g4
4.O-O Bg4xf3
5.Qd1xf3 Ng8f6
6.Nb1c3 c6
7.b3 d4
8.Nc3a4 b5
9.Na4b2 Qd8d7
10.h3 g5
11.g4 h5
12.Qf3xf6 Rh8h6
13.Qf6xg5 hxg4
14.hxg4 f6
15.Qg5g8 Nb8a6
16.g5 Qd7g4
{ resign }
0-1

[Event "Tourn. n9435"]
[Site "www.chess-mail.com"]
[Date "2017.08.24"]
[Round "1"]
[White "Bira47"]
[Black "Add"]
[WhiteElo "2090"]
[BlackElo "2250"]
[Result "0-1"]
[Round "1"]
1.c4 d5
2.g3 d4
3.Bf1g2 e5
4.a3 c6
5.b3 Ng8f6
6.Bc1b2 Bc8e6
7.e3 Qd8b6
8.exd4 exd4
9.d3 Nb8d7
10.Qd1e2 Qb6xb3
11.Bb2xd4 c5
12.Bd4c3 Bf8e7
13.Qe2b2 Qb3xb2
14.Bc3xb2 Ra8b8
15.Nb1c3 a6
16.Ng1e2 O-O
17.O-O Nd7e5
18.Ne2f4 Rf8d8
19.Rf1d1 Be6g4
20.Nc3e2 Ne5c6
21.Rd1d2 Nc6a5
22.Ne2c1 Na5xc4
23.Rd2c2 Nc4xb2
24.Rc2xb2 b5
25.f3 Bg4c8
26.Nc1b3 Nf6d5
27.Nf4xd5 Rd8xd5
28.Rb2e2 Bc8e6
29.f4 Rd5xd3
30.Nb3a5 Be7f6
31.Ra1c1 Rd3xa3
32.Na5c6 Rb8c8
33.Nc6a7 Rc8d8
34.Na7c6 Rd8f8
35.Rc1xc5 g6
36.Bg2d5 Be6f5
37.Nc6e5 Bf6xe5
38.fxe5 Rf8e8
39.Rc5c7 Bf5e6
40.Bd5c6 Re8d8
41.Kf2 b4
42.Bc6b5 axb5
43.Re2c2 b3
44.Rc2c3 Ra3a2
45.Kf3 b2
 { time }
0-1

[Event "Match"]
[Site "www.echecsemail.com"]
[Date "2017.08.24"]
[Round "1"]
[White "Cjood"]
[Black "Bojan"]
[WhiteElo "1930"]
[BlackElo "2040"]
[Result "1-0"]
[Round "1"]
1.Ng1f3 d5
2.g3 c6
3.c3 Qd8c7
4.Bf1g2 e5
5.d3 f5
6.e3 e4
7.dxe4 fxe4
8.Nf3d4 g6
9.Qd1c2 Ng8f6
10.c4 Bf8b4
11.Bc1d2 Bb4xd2
12.Nb1xd2 Qc7d8
13.cxd5 cxd5
14.Nd4b5 Nb8a6
15.O-O Bc8d7
16.Nb5d6 Ke7
17.Nd6xb7 Qd8b6
18.Qc2b3 Bd7b5
19.Qb3a3 Kd7
20.Bg2h3 Kc7
21.Qa3e7 Nf6d7
22.Rf1c1 Kxb7
23.Bh3xd7 Bb5xd7
24.Qe7xd7 Na6c7
25.Rc1c2 Ra8d8
26.Qd7g7 Kb8
27.Ra1c1 Rd8c8
28.Rc2xc7 Rc8xc7
29.Qg7xh8 Kb7
30.Rc1xc7 Qb6xc7
31.Qh8d4 Qc7c6
32.Nd2b3 h5
33.Nb3a5 { resign }
1-0

[Event "Match"]
[Site "www.echecsemail.com"]
[Date "2017.08.24"]
[Round "1"]
[White "Mrmoto"]
[Black "Sykdalion"]
[WhiteElo "1640"]
[BlackElo "1499"]
[Result "0-1"]
[Round "1"]
1.e4 d5
2.exd5 Qd8xd5
3.Nb1c3 Qd5a5
4.Ng1f3 Bc8g4
5.h3 Bg4h5
6.g4 Bh5g6
7.Bf1d3 Bg6xd3
8.Nc3e2 Bd3xe2
9.Qd1xe2 a6
10.b3 Nb8c6
11.O-O O-O-O
12.d3 Qa5c3
13.Bc1d2 Qc3f6
14.c3 e5
15.Bd2g5 Qf6d6
16.Bg5xd8 Qd6xd8
{ resign }
0-1